| 000 | 01218cam a22001934a 4500 | ||
|---|---|---|---|
| 005 | 20250605164358.0 | ||
| 008 | 250528s ||||||||||||||||||||||||d | ||
| 035 | _a24439 | ||
| 040 |
_aGR-AtMCL _bgre _dGR-AtMCL _eAACR2 |
||
| 245 | 1 | _aΤο Κοινό Αναζητά Σήμερα Κατανοητή και Απλή και Ψύχραιμη Οικονομική Ενημέρωση | |
| 260 | _c2016 | ||
| 300 | _a42 | ||
| 520 | _aThe Big Read: Αυτοκίνητο - Η Μεγάλη Πρόκληση του Marketing, Insights: Social Media Contests - Με Έπαθλο το Awareness και το Engagement, Industry Focus: Επένδυση σε Καινοτομία και Δυναμική Επικοινωνία, Interview: Η Ελλάδα Μπορεί να Κάνει Δημιουργικές Προτάσεις Διεθνούς Εμβέλειας, Interview - Marketing στην Κίνα: Πώς να μη Χαθείτε στη Μετάφραση, Conferences: Digital Fashion Forum - Ανοίγοντας Νέους Δρόμους στο Fashion Industry. | ||
| 700 | 1 |
_aΚορδελάς Δημήτρης _99464 |
|
| 942 | _cCR | ||
| 710 | 2 |
_aThe Marketing Week _99825 |
|
| 999 |
_c9320 _d9320 |
||